000 00475nam a22001817a 4500
003 CEME
005 20210628202137.0
008 210209b xxu||||| |||| 00| 0 eng d
020 _a969-8373-02-0
040 _c.
082 _a297 IQB
100 _aIqbal S.Hussain
_9356
245 _aTerrorism in action;why blame islam
260 _aINDIA
_bHUMANINITY INTERNATIONAL
_c2003
300 _a380P
650 _aTERRORISM IN ACTION;WHY BLAME ISLAM
_958432
942 _cBK
_2ddc
999 _c568633
_d568633